Statistics for Rugby World Cup All-Time Table

Click here to take the quiz!

General Stats

  • This quiz has been taken 30 times
    (10 since last reset)
  • The average score is 20 of 26

Answer Stats

CountryPWLPFPAPDPTS% Correct
Argentina4825231,283995+288118
100%
Australia5038121,712745+967149
100%
England5842151,790885+905173
100%
Samoa361422803935-13262
100%
South Africa504261,720639+1,081181
100%
Wales4930191,198953+245129
100%
Canada30621427933-50628
89%
Fiji3713248441,062-23864
89%
France5740151,810965+845160
89%
Ireland4528171,322809+513119
89%
Italy3615207431,158-41571
89%
Japan3710257531,454-70148
89%
New Zealand625282,778768+2,010210
89%
Scotland4124161,210759+45199
89%
United States293264021,039-63716
89%
Spain30318122-1043
78%
Tonga339245681,143-57546
78%
Georgia24517316759-44325
67%
Portugal816102312-2107
67%
Romania326263971,355-95826
67%
Russia80876356-2801
67%
Chile40427215-1880
56%
Namibia270262851,578-1,2936
56%
Uruguay19415253882-62918
56%
Zimbabwe60683309-2260
33%
Ivory Coast30329172-1433
22%

Score Distribution

Percentile by Number Answered

Percent of People with Each Score

Your Score History

You have not taken this quiz since the last reset